Logo BPK

Bibliografia Prac Pracowników

Politechniki Koszalińskiej

Stanowisko do rejestracji odpowiedzi foto-akustycznej układów pobudzanych prostokątnym sygnałem termicznym / (Rekord nr 154)

Szczegóły MARC
000 -ETYKIETA REKORDU
podpole kontrolne o stałej długości 01828naa a2200265 i 4500
001 - NUMER KONTROLNY REKORDU
podpole kontrolne BPP
003 - IDENTYFIKATOR NUMERU KONTROLNEGO REKORDU
podpole kontrolne BPK
005 - DATA OSTATNIEJ MODYFIKACJI REKORDU
podpole kontrolne 20180508140227.0
008 - POLE O STAŁEJ DŁUGOŚCI - DANE KONTROLNE
podpole kontrolne o stałej długości 151030s2001 pl a f |100 0 pol
040 ## - ŹRÓDŁO KATALOGOWANIA
Instytucja, która utworzyła rekord BPK
100 ## - NAZWA OSOBOWA
Nazwa osobowa MAJCHRZAK, Piotr.
Lata pracy 1998 - .
Instytucja Politechnika Koszalińska - Wydział Elektroniki,
Wydział Katedra Inżynierii Komputerowej
245 ## - TYTUŁ/ODPOWIEDZIALNOŚĆ
Tytuł Stanowisko do rejestracji odpowiedzi foto-akustycznej układów pobudzanych prostokątnym sygnałem termicznym /
Pozostałe elementy strefy tytułu i oznaczenia odpowiedzialności P. Majchrzak, L. Majchrzak, Z. Suszyński, R. Arsoba.
260 ## - STREFA ADRESU WYDAWNICZEGO
Data publikacji, dystrybucji/powstania dokumentu 2001.
500 ## - UWAGI OGÓLNE
Tekst uwagi Dane z Informatora o publikowanych wynikach prac naukowo-badawczych w 2001 roku Wydziału Elektroniki.
520 ## - UWAGA DOTYCZĄCA TREŚCI DOKUMENTU
Analiza dokumentacyjna, adnotacja itp. W artykule przedstawiono komputerowy system badawczy stosowany w laboratorium Katedry Ciała Stałego Wydziału Elektroniki Politechniki Koszalińskiej. System ten jest wykorzystywany do otrzymywania obrazów zawierających odpowiedź na grzanie i stygnięcie badanych materiałów półprzewodnikowych, izolacyjnych i metalowych.
650 #0 - HASŁO PRZEDMIOTOWE W FORMIE NAZWY OGÓLNEJ LUB JEDNOSTKOWEJ
Nazwa ogólna lub geograficzna Półprzewodniki.
650 #0 - HASŁO PRZEDMIOTOWE W FORMIE NAZWY OGÓLNEJ LUB JEDNOSTKOWEJ
Nazwa ogólna lub geograficzna Akustyka.
655 #0 - TERMIN INDEKSOWY - OKREŚLENIE RODZAJU/FORMY DOKUMENTU
Określnie rodzaju/formy dokumentu Materiały konferencyjne.
700 ## - HASŁO DODATKOWE - NAZWA OSOBOWA
Nazwa osobowa MAJCHRZAK, Ludmiła.
Lata pracy 1999 - .
Instytucja Politechnika Koszalińska - Wydział Elektroniki,
Wydział Katedra Systemów Cyfrowego Przetwarzania Sygnałów
700 ## - HASŁO DODATKOWE - NAZWA OSOBOWA
Nazwa osobowa ARSOBA, Robert.
Instytucja Politechnika Koszalińska - Wydział Elektroniki,
Lata pracy 1996 - .
Afiliacja Katedra Inżynierii Komputerowej
700 ## - HASŁO DODATKOWE - NAZWA OSOBOWA
Nazwa osobowa SUSZYŃSKI, Zbigniew.
Lata pracy 1996 - .
Instytucja Politechnika Koszalińska - Wydział Elektroniki,
Wydział Katedra Elektroniki Ciała Stałego
711 ## - HASŁO DODATKOWE - NAZWA IMPREZY
Nazwa imprezy KOWBAN 2001
Oznaczenie części/sekcji dzieła (8 ;
Data imprezy 2001 ;
Miejsce imprezy Polska).
773 0# - TYTUŁ DOKUMENTU MACIERZYSTEGO
Wyrażenie wprowadzające W :
Tytuł Komputerowe wspomaganie badań naukowych : VIII Krajowa Konferencja KOWBAN '2001 : Wrocław-Świeradów Zdrój 2001 : materiały. -
Adres wydawniczy Wrocław : Oficyna Wydaw. Sudety 2001. -
Informacje dotyczące relacji s. 297-300
942 ## - HASŁO DODATKOWE - ELEMENTY(KOHA)
Typ dokumentu Artykuł
Schemat klasyfikacji Uniwersalna klasyfikacja dziesiętna

Brak dostępnych egzemplarzy.

© 2014 Biblioteka Politechniki Koszalińskiej :: BIBLIOGRAFIA PRAC PRACOWNIKÓW